El Régimen disciplinario de los funcionarios públicos de la Administración del Estado / Mercedes Lafuente Benaches
ISBN:
84-8002-406-2
Descripción Física:
149 p. ; 21 cm
Colección:
Administrativo ; 1
MARC
| LEADER | 00000nam a2200000Ia 4500 | ||
|---|---|---|---|
| 001 | 17451 | ||
| 008 | 160829s1996 xx 000 0 cat d | ||
| 020 | |a 84-8002-406-2 | ||
| 080 | |a D-3-89 | ||
| 100 | |a Lafuente Benaches, Mercedes |9 31668 | ||
| 245 | |a El Régimen disciplinario de los funcionarios públicos de la Administración del Estado / Mercedes Lafuente Benaches | ||
| 260 | |a Valencia : |b Tirant lo Blanch, |c 1996 | ||
| 300 | |a 149 p. ; |c 21 cm | ||
| 490 | |a Administrativo ; 1 | ||
| 590 | |a Bibliografia | ||
| 650 | 0 | |a Funció pública |z Espanya |9 11103 | |
| 650 | |a Espanya |x Funcionaris i empleats |x Disciplina |9 31669 | ||
| 901 | |a Arxiu | ||
| 942 | |n 1 | ||
| 952 | |0 1 |1 0 |2 udc |4 0 |5 2 |6 D389 |7 1 |9 45720 |a Arxiu |b Arxiu |d 2016-12-01 |l 0 |o D-3-89 |p 17451 |r 2016-12-01 00:00:00 |w 2016-12-01 |y ARXIU | ||
| 999 | |c 49220 |d 49220 | ||